Quizzes
Events
Quiz Creation
Community
Videos
Private Events
Remove Ads
Sign In
Join for FREE
Feedback
Dark Mode
Quiz Categories
Sports
Geography
Music
Movies
Television
Just For Fun
Miscellaneous
History
Literature
Language
Science
Gaming
Entertainment
Religion
Holiday
For Kids
Quiz Lab
Recent
Popular Today
Quiz Kudos Today
Editor Picks
Curator Picks
Quizzes by...
Day
Popularity
Type
Ratings
Length
Year
Community
Subscriptions
Recent Discussions
Orange Saloon
Badges
Playlists
Quests
Create
Leaderboards
Showdown
Live 5
Trivia Bingo
Activity
Puzzle Library
Sporcle Events
Private Events
Virtual Trivia
Globe League
Become a Host
Pub Owners
SporcleCon
Opinionation
Our Games
Videos
Blog
Mobile Apps
Partnerships
Remove Ads and Go Orange
Feedback
History
US Presidents
World Leaders
Politics
Nation
Discovery
War
Decade
Year
Century
Biography
Art
History
US Presidents
World Leaders
Politics
Nation
Discovery
War
Decade
Year
Century
Biography
Art
Random Quiz
Search Sporcle
×
Quiz Lab
Quiz Lab
History
Type in answers that appear in a list
Type in answers that appear in a list
Classic
Best Score? Go Orange.
Name the leader Stats
Can you name the Name the leader?
By
FALLER
5m
24 Questions
132 Plays
132 Plays
132 Plays
Comments
Comments
Give Quiz Kudos
Give Quiz Kudos
-
- Ratings
hide this ad
Replay
Link that replays current quiz
Next Quiz
Link to next quiz in quiz playlist
You Got
0%
They Got
Avg Score
38%
Avg Friend Score
Upgrade to see
Score Distribution
Jump to the score distribution portion of the page
Score
0/24
Timer
05:00
0
Plays Today
Hints
Leader
% Correct
69 years ago he started one of the biggest wars in history
Adolf Hitler
89.4%
This is one honest guy
Abraham Lincoln
73.5%
He was the prime minister of England during WW2
Winston Churchill
73.5%
The teddy bear was named after him
Theodore Roosevelt
72%
She made the golden age of england
Queen Elizabeth
65.2%
He was in the watergate scandal
Richard Nixon
63.6%
Nuke Em
Harry S. Truman
61.4%
He was a TERRIBLE Russian
Ivan the terrible
59.8%
Vivre la france
Napoleon
58.3%
Quite Bloody
Queen Mary
50%
FREEDOM!
William Wallace
41.7%
His country owned most of Europe for a time
Julius Caesar
37.9%
Hints
Leader
% Correct
Pascifist
Mahatma Gandhi
37.1%
He was the best ruler Greece ever had
Alexander the Great
34.1%
His enemies called him the punishment of god
Genghis khan
21.2%
He was once the general of the English armies before revolting against them
George Washington
20.5%
He died of a nosebleed
Attila the Hun
18.2%
Wisest man to ever live
Solomon
14.4%
The liberal party of canada says he has a dragon in his garage
Stephen Harper
12.9%
The beatles made a song with his nickname as the title
King Louis
9.8%
This guy was not a crusader
Saladin
7.6%
This guy would rip your heart out
Montezuma
5.3%
One of the only female kings in history
Hatshepsut
3.8%
A pop singer has the same last name as his first name
Cyrus
3%
Quiz Playlist
Details
Report
Send in Message
Add To Playlist
Classic:
Type in answers that appear in a list
Last Updated: Feb 16, 2017
Quiz Scoreboard
CHALLENGE
Sign Up to Join the Scoreboard
Show All
Scores
Hide
Comments
May contain spoilers
Recently Published
Popular People in 1961
by mucciniale
History
6m
1-10 Letter E Words III
by El_Dandy
Language
2m
One Thing in Common: World Cities II
by knightlancer
Geography
7m
More to Explore
Quiz From the Vault
Featured Blog Post
Where Did the Easter Bunny Come From?
hide this ad
You Might Also Like...
Tags
This quiz does not have any tags.
Today's Top Quizzes in History
Browse History
hide this ad
Top Contributed Quizzes in History
1
Popular People in 1991
2
Popular People in 1981
3
Popular People in 1951
4
Popular People in 1941
5
Popular People in 1986
6
Popular People in 1921
7
Popular People in 1976
8
Popular People in 1946
9
Popular People in 1936
10
I Am Born On March 28th
Explore More
Trending Topics
Crossword
Harry Potter
Marvel
Kpop
Anime
Disney
NBA
Song
WWE
Puzzle
NFL
Country
Pokémon
Soccer
The Office
hide this ad
More By:
FALLER
Quiz
Plays
Rating
Category
Featured
Created
Name the leader
132
2.50
History
Jan 27, 2010
Christian bands
70
5.00
Music
Aug 24, 2010
Go to Creator's Profile
Score Distribution
Quiz Creator Spotlight
FALLER
Follow
Send a Message
Quizzes Created
-
Created Quiz Play Count
-
More By This Creator
Popular Quizzes Today
1
Find the US States - No Outlines Minefield
2
The Countries of the World
3
Popular People in 1961
4
Find the Countries of Europe - No Outlines Minefield
5
1-10 Letter E Words III
6
Find the US States
7
One Thing in Common: World Cities II
8
US States
More History Quizzes
Last 3 Letter Pairs: US Presidents
Published
Trending Quizzes
Country Music Stars Doing Things
Get the Picture: Carrie or Dolly
1-10 Letter F Words
1-10 Letter G Words
Risky Map Clicking: Next State Alphabetically
Recently Updated
Leaping Animals
pecheneg
Reality TV Shows (A-Z)
bhenderson79
Rickey Henderson's Hall of Fame Teammates
pecheneg
Champions League XIs: Arsenal
pecheneg
Quick Pick: Celebrities in WWE's Hall of Fame
aduchscher
A-Z Keypad Blitz II
pecheneg
Multiple Oscar Actors
pecheneg
Mystery Phrase Blitz: Oscar 'Best Actors'
pecheneg
F. Scott Fitzgerald Novels
LTH
Pick 3 Villains
ddd62291
Trending Topics
Harry Potter
Disney
Anime
NBA
Marvel
Kpop
Crossword
Country
NFL
The Office
WWE
Soccer
Song
Pokémon
Puzzle
Your Account Isn't Verified!
In order to create a playlist on Sporcle, you need to verify the email address you used during registration. Go to your
Sporcle Settings
to finish the process.
Report this User
Report this user for behavior that violates our
Community Guidelines
.
Details:
Send Report
Go to the Sporcle.com Mobile Site →
Comments